Highest Mountain on Each Continent Quiz Stats

 Plays Quiz not verified by Sporcle

Score 0/7 Timer 10:00
0 Plays Today
Continent Mountain % Correct
AsiaMount Everest
95.5%
North AmericaMount McKinley
80.6%
South AmericaMount Aconcagua
40.3%
EuropeMount Elbrus
38.8%
AfricaMount Kilimanjaro
38.8%
AntarticaVinson Massif
26.9%
Australia/OcianaMount Kosciusko
14.9%

You're not logged in!

Compare scores with friends on all Sporcle quizzes.
OR
Log In

Show Comments

Extras

Top Quizzes Today


Score Distribution

Your Account Isn't Verified!

In order to create a playlist on Sporcle, you need to verify the email address you used during registration. Go to your Sporcle Settings to finish the process.

Report this User

Report this user for behavior that violates our Community Guidelines.

Details: